Normal view
MARC view
Entry Topical Term
001 - CONTROL NUMBER
- control field: 51050
003 - CONTROL NUMBER IDENTIFIER
- control field: ARRUPE
005 - DATE AND TIME OF LATEST TRANSACTION
- control field: 20220228152430.0
008 - FIXED-LENGTH DATA ELEMENTS
- fixed length control field: 220228|| aca||aabn | a|a d
040 ## - CATALOGING SOURCE
- Original cataloging agency: ARRUPE
- Transcribing agency: ARRUPE
150 ## - HEADING--TOPICAL TERM
- Topical term or geographic name as entry element: Transformational leadership
670 ## - SOURCE DATA FOUND
- Source citation: Work cat.: (ARRUPE)128907: Hope, Anne. 44404, Training for transformation :, 1995.